000 00615nam a22001937a 4500
003 AR-FvUNAJ
005 20250516132611.0
008 231006b ||||| |||| 00| 0 spa d
022 _a968-22-0105-5
040 _cAR-FvUNAJ
082 1 4 _214
_a141
100 1 _97746
_aMarcuse, Herbert
245 1 3 _aEl hombre unidimensional :
_bensayo sobre la ideología de la sociedad industrial avanzada /
_cHerbert Marcuse
260 _aMéxico :
_bOrígen/Planeta,
_c1985
300 _a286 p.
440 _96141
_aObras Maestras del Pensamiento Contemporáneo
_v5
650 1 7 _2unescot
_9674
_aFILOSOFIA
942 _2ddc
_cLIBRO
999 _c10936
_d10936
980 _619226
_a Palazón Marcela I.
_819226
_g Palazón Marcela I.